1889 1006 1997 1528 1808 1992 1113 1080 1470 1070 1299 1248 1963 1269 1343 1020 1892 1009 1892 1993 1778 1421 1468 1117 1183 1490 1144 1338 1152 1490 1893 1727 1538 1672 1273 1128 1648 1942 1050 1054 1247 1718 1282 1499 1663 1930 1500 1339 1392 1467 1675 1717 1143 1440 1718 1428 1037 1356 1200 1754 1845 1418 1340 1382 1768 1398 1444 1766 1773 1781 1700 1455 1354 1057 1667 1417 1495 1857 1591 1568 1087 1801 1081 1119 1773 1344 1108 1209 1611 1016 1077 1791 1268 1407 1886 1218 1941 1505 1587 BCNSPRNW ULIB Ver.6.0+V

เปลี่ยนเป็นภาษาไทย

Change to English
 แสดงรายละเอียดบรรณานุกรม
  กลับหน้าหลัก

Brief Record : Get Marc (ISO 2709) : E-mail record : QR code < ปิดหน้าต่าง
LEADER : 00000nam 2200000uu 4500
001    13399108951
003     ULIB
008    110317s2544||||th 000 0 tha d
020    9746636634
060 04 WA30^bป686ก 2544
100 0  ปิยธิดา ตรีเดช
245 10 การสาธารณสุขและสิ่งแวดล้อมในปัจจุบันและแนวโน้ม =^bPublichealth and environment : present and trend /^cปิยธิดา ตรีเดช, ศักดิ์สิทธิ์ ตรีเดช
246 31 Public health and environment :^bpresent and trend
250    พิมพ์ครั้งที่ 2
260    กรุงเทพฯ :^bภาควิชาบริหารงานสาธารณสุข คณะสาธารณสุขศาสตร์มหาวิทยาลัยมหิดล,^c2544
300    ก-ง, 225 หน้า ;^c27 ซม.
650  7 สาธารณสุข^zไทย
650  7 สิ่งแวดล้อม^zไทย
650  7 อนามัยสิ่งแวดล้อม
700 0  ศักดิ์สิทธิ์ ตรีเดช
710 2  มหาวิทยาลัยมหิดล. ^bคณะสาธารณสุขศาสตร์.^bภาควิชาบริหารงานสาธารณสุข
945    ^p160^l0^i015093
945    ^p160^l0^i015091
945    ^p160^l0^i015092
995    ทศพร
999 ^a ใช้งานได้ทุกระบบ
รายการนี้ยังไม่มีแท็ก
คุณยังไม่ได้ล็อกอิน คุณสามารถมีกิจกรรมร่วมกับเว็บไซต์ได้ แต่ต้องล็อกอินก่อน ::
  ล็อกอิน

รายการสื่อสารสนเทศ

ลำดับที่ ประเภท เลขเรียก/บาร์โค้ด สถานที่ สถานะ
- ไม่พบข้อมูล -

รายการใกล้เคียง
    ผู้แต่ง [ปิยธิดา ตรีเดช]

    หัวเรื่อง [อนามัยสิ่งแวดล้อม]

BibComment


ยังไม่เคยถูกคอมเมนท์

คอมเมนท์ทรัพยากรรายการนี้
  คอมเมนท์: การสาธารณสุขและสิ..


 Copyright 2026. Bcnsprnw @Library